駅名の頭文字から鉄道路線を当てよう - Statistics

General Stats
  • This quiz has been taken 1,876 times
    1,828 since last reset
  • The average score is 21 of 30
Answer Stats
Hint Answer % Correct
東神秋御上鶯日西田駒巣大池目高新新代原渋恵目五大品高田浜新有 山手線
88%
大さ与北浦南蕨西川赤東王上田西日鶯上御秋神東有新浜田高品大大蒲川鶴新東横 京浜東北線
88%
府北西新新東新北西武南東東南越吉吉新三南新新東市船西 武蔵野線
88%
渋表外青赤溜虎新銀京日三神末上上稲田浅 東京メトロ銀座線
88%
東新品川横戸大藤辻茅平大二国鴨小早根真湯熱 東海道線
87%
渋表青永半九神大三水清住錦押 東京メトロ半蔵門線
87%
大恵渋新池板十赤北浮戸戸北武中南与北大 埼京線
86%
東新品西武新横保東戸大北鎌逗東田横衣久 横須賀線
86%
取藤龍牛ひ荒土神高石羽岩友内赤(偕)水勝佐東大常日小十高南磯大勿植泉湯内い 常磐線
86%
京日新町千京堀お青京京江国市菅京鬼京東京海京大船谷京京実八京勝志ユ京京大京宗公京空成 京成本線
86%
荻南新東新中西新新新四四赤国霞銀東大淡御本後茗新池 東京メトロ丸ノ内線
86%
東八越潮新葛舞新市二南新幕海検稲千蘇 京葉線
85%
上日三南北松柏我天取 常磐線(快速)
85%
熱来伊網宇伊 伊東線
85%
東上尾赤浦さ大宮上北桶北鴻北吹行熊籠深岡本神新倉高 高崎線
85%
新南参代代東下世梅豪経千祖成喜狛和登向生読百新柿鶴玉町相小相座海厚本愛伊鶴東秦渋新開栢富螢足小 小田急小田原線
85%
和地地平氷小千要池雑西東新北明渋 東京メトロ副都心線
85%
横桜関石山根磯新洋港本大 根岸線
84%
蘇浜八五姉長袖巌木君青大佐上竹浜保安岩富那館九千千南和江太安 内房線
84%
目白白麻六溜永四市飯後東本駒西王王志赤 東京メトロ南北線
84%
東神御四新中高阿荻西吉三武東武国西国立日豊八西高 中央線(快速)
83%
立西東中昭拝牛福羽小河東青宮日石二軍沢御川古鳩白奥 青梅線
83%
八北小拝東箱金東高毛越明小竹折寄用松児丹群北倉高 八高線
83%
千本蘇鎌誉土大永本新茂八上東太長三大浪御勝鵜上行安安安 外房線
83%
渋代中祐学都自田多新武元日綱大菊妙白東反横 東急東横線
83%
泉品北新青鮫立大平大梅京雑六京八鶴京花生京子神京神横戸日黄南弘井上屏杉京能金金追京安逸汐横県堀京馬浦 京急本線
83%
代代明表乃赤国霞日二大新湯根千西町北綾 東京メトロ千代田線
83%
西馬中戸五高泉三大新東宝日人東浅蔵浅本押 都営浅草線
83%
三吉西荻阿高中東大新代千信四市飯水御秋浅両錦亀平新小市本下西船東津幕幕新稲西千 中央・総武緩行線
82%
曳小東亀亀 東武亀戸線
82%
池椎東江桜練中富練石大保ひ東清秋所西小狭武稲入仏元飯東高武東吾 西武池袋線
82%
中落高早神飯九竹大日茅門木東南西葛浦南行妙原西 東京メトロ東西線
82%
和地地平氷小千要池東護江飯市麹永桜有銀新月豊辰新 東京メトロ有楽町線
82%
目白白三芝御内日大神水春白千巣西新板板本志志蓮西高新西 都営三田線
82%
東大菊新小鴨中十長成町古淵矢相橋相八片八 横浜線
81%
鶴国鶴弁浅安武浜昭扇/安大/浅新海 鶴見線
81%
川尻矢鹿平向武武武武津久宿登中稲矢稲南府分西谷矢西立 南武線
81%
東新馬錦新市船津稲千 総武線(快速)
81%
佐酒成久下大佐香十小笹下下椎松銚/成空成/我東湖新布木小安下成 成田線
81%
新新曙市九神小岩馬浜森菊住西大東船一瑞篠本 都営新宿線
81%
都新東若牛牛飯春本上新蔵両森清門勝月築汐大赤麻六青国代新都西中東中落新練豊練光 都営大江戸線
81%
大浦赤池新渋恵大横保東戸大北鎌逗 湘南新宿ライン
80%
東上尾赤浦さ大土東蓮白新久東栗古野間小小自石雀宇岡宝氏蒲片矢野西那黒 宇都宮線
80%
池北下大中と上東下成和朝朝志柳み鶴ふ上新川川霞鶴若坂北高東森つ武小東み男鉢玉寄 東武東上本線
80%
尻八川小浜 南武線(支線)
79%
い草四久末広J木竜富夜大双浪桃小磐原鹿日相駒新坂山浜亘逢岩 常磐線
79%
千東都四物佐南榎八日成松横飯八干旭飯倉猿松銚 総武本線
79%
高相藤上四梁鳥猿大初笹甲勝塩東山春石酒甲竜塩韮新穴日長小信富す青茅上下岡み塩 中央本線
79%
浅と/押曳東鐘堀牛北小五梅西竹谷草獨新蒲新越北大せ武一春北姫東 東武スカイツリーライン
79%
西高下中新沼野都鷺下井上上武東西田花小久東所航新入狭新南本 西武新宿線
79%
新初幡笹代明下桜上八芦千仙つ柴国布調西飛武多東府分中聖百高南平長北京 京王京王線
79%
渋池三駒桜用二二高溝梶宮宮鷺たあ江市藤青田長つす南つ中 東急田園都市線
79%
茅北香寒宮倉門社厚海入相下原番上南橋 相模線
78%
押京八四京青 京成押上線
78%
綾亀金松北馬新北南柏北我天取 常磐緩行線
77%
渋神駒池下新東明永西浜高富久三井吉 京王井の頭線
77%
目不武西洗大奥田多新武元日 東急目黒線
77%
京糀大穴天羽羽 京急空港線
77%
中恵広六神虎霞日銀東築八茅人小秋仲上入三南北 東京メトロ日比谷線
77%
調京京京稲若京京京南多橋 京王相模原線
76%
小萩小東玉武西拝 西武拝島線
75%
弥矢吉西燕燕北東 弥彦線
74%
金六神逗 京急逗子線
74%
拝熊東秋武武武 五日市線
73%
佐香十潮延鹿(鹿) 鹿島線
73%
塩広村平南松田明西坂聖冠姨稲篠 篠ノ井線
73%
京東新千印成空成 成田スカイアクセス線
73%
横平西天星和上西鶴二希瀬三大相さか海 相鉄本線
73%
高高井新群八渋敷津岩沼後上水湯土土越岩越石大上塩六五浦八小出越北越小越宮長 上越線
72%
練豊 西武豊島線
72%
宇岡宝下仁鴻大小滝烏 烏山線
71%
大北大大七岩東豊八春藤南川七清愛野梅運江初流豊柏新増逆高六新鎌馬塚新船 東武アーバンパークライン
71%
大下戸中荏旗北大緑自九尾等上二二高溝 東急大井町線
71%
堀新北京Y京津三三 京急久里浜線
71%
東杉幸南栗新柳板藤静新栃新合家東楡樅新北板下明下上東 東武日光線
70%
多沼鵜下武矢蒲 東急多摩川線
70%
小小結東川玉下新大岩羽福稲笠宍友 水戸線
69%
相東中南鶴大桜高長湘六善藤藤本鵠片 小田急江ノ島線
69%
五大戸荏旗長洗石雪御久千池蓮蒲 東急池上線
69%
小思栃大岩佐富あ足山小桐岩国伊駒前前新井高高 両毛線
68%
京京京検京み西新京千 京成千葉線
68%
高北群安磯松北横 信越本線
67%
練新小 西武有楽町線
67%
綾北 東京メトロ千代田線(北綾瀬支線)
67%
宇鶴鹿文下今日 日光線
66%
大日西指南川西的笠武高 川越線
64%
大福東求成 東金線
64%
松北島島梓一中南豊柏穂有安細北信安信南信北信稲海簗南神飯白信白千南 大糸線
64%
国恋鷹小東 西武国分寺線
64%
小甲甲清野信佐佐海松小馬高八海羽青臼龍太中滑北岩佐中美三乙東小 小海線
63%
坂一西川武東武越 東武越生線
63%
吾西正芦横西 西武秩父線
63%
武新多白競是 西武多摩川線
63%
東府 京王競馬場線
63%
東上尾赤浦さ大 上野東京ライン
62%
直黒犀土潟上柿米笠青鯨柏茨安北越長塚越来前宮長北押見帯東三東保加羽田矢古新さ荻亀越新 信越本線
62%
京港鈴川東大小 京急大師線
61%
京柴京 京成金町線
61%
二南緑弥いいゆ湘 相鉄いずみ野線
60%
北京山め狭高高 京王高尾線
58%
西大 東武大師線
57%
東和久鷲花加南羽川茂館多県福東足野韮太細木世境剛新伊 東武伊勢崎線
56%
新五栗黒は小小唐 小田急多摩線
55%
豊信立上替蓮飯北信戸上上桑西信平横森足越津越越越土十魚下越内越 飯山線
53%
国一青萩八武多 西武多摩湖線
52%
木祇上東横東馬下小俵久平上上 久留里線
51%
新野野壬国お安西江南東 東武宇都宮線
51%
千千大学おち 京成千原線
51%
館渡田佐佐堀吉田多葛 東武佐野線
48%
下松山宮上世松若西三 東急世田谷線
48%
中中中方 東京メトロ丸ノ内線(方南町支線)
48%
渋金祖小小市中群郷矢岩川長群羽袋万大 吾妻線
47%
柏東西荒刈西礼石小出妙小桐寺分粟南吉北岩巻越越内内新寺小青関白新 越後線
47%
下大大新小東鬼鬼新 東武鬼怒川線
46%
西羽新 相鉄新横浜線
45%
館成本篠東小西/東竜太 東武小泉線
44%
篠今川安長 信越本線
43%
太三治藪阿新相赤 東武桐生線
43%
高多 京王動物園線
32%
多西西 西武山口線
31%
新東大新早豊黒佐西新 白新線
22%
日新新 東急新横浜線
22%
西下西 西武狭山線
19%
新京水神月中新加金中平坂平岩村 羽越本線
18%
東西 西武西武園線
13%
No matching quizzes found
Score Distribution
Percent of People with Each Score
Percentile by Number Answered
Your Score History
You have not taken this quiz since the last reset